Tunnettuja Villejä - Statistics

Yleistilastot
  • Tätä visaa on pelattu 97 kertaa
  • Keskiarvotulos 5 / 13
Vastaustilastot
Vihje Vastaus % Oikein
Laulaja Ville Valo
82%
Näyttelijä Ville Virtanen
68%
Räppäri Ville Galle
58%
Jääkiekkoilija Ville Peltonen
54%
Poliitikko Ville Niinistö
52%
Juoksija Ville Ritola
46%
Jääkiekkoilija Ville Nieminen
45%
Näyttelijä Ville Myllyrinne
22%
Näyttelijä Ville Haapasalo
20%
Mäkihyppääjä Ville Larinto
18%
Kuvanveistäjä Ville Vallgren
12%
Muusikko Ville Pusa
9%
Poliitikko Ville Tavio
4%
Ehtoja vastaavia visoja ei löytynyt
Tulosjakauma
Jokaisen tuloksen saaneiden osuus
Persentiili vastausten määrän mukaan
Tuloshistoriasi
Et ole pelannut tätä visaa